00923cam a22002531 4500001001300000003000400013005001700017008004100034010001700075035002000092040004800112042001200160050003100172100001900203245006000222260007000282300003600352490006300388500009200451504003200543651004800575651002900623999001700652sd 45000076 DLC20260227112735.0900601s1945 nyu b 000 0 eng c asd 45000076  a(OCoLC)21659234 aU.S. Dept. of State. Libr.cTxUdOCoLCdDLC apremarc00aD410b.F65 vol. 21, no. 151 aHolmes, Olive.10aBrazil: rising power in the Americas,cby Olive Holmes. aNew York, N.Y.,bForeign Policy Association, incorporatedc[1945] a1 p.l., 211-219, [1] p.c27 cm.0 aForeign policy reports,vvol.XXI, no. 15. October 15, 1945 a"Status of Brazilian-U.S. war agreements, by O.K.D. Ringwood and Olive Holmes": p.[220] aBibliographical foot-notes. 0aBrazilxPolitics and governmenty1930-1945. 0aBrazilxEconomic policy. c89958d89958